Podnikateľ - inovátor v kontexte sociálnej náuky Cirkvi

Podnikateľ ako inovátor v ekonomickej teórii. Podnikateľ a jeho zodpovednosť. Podnikateľ ako inovátor v dokumentoch sociálnej náuky cirkvi. Sociálna náuka cirkvi.

Na minha lista:
Detalhes bibliográficos
Autor principal: Bačová, Monika
Formato: Capítulo de Livro
Idioma:eslovaco
Assuntos:
Tags: Adicionar Tag
Sem tags, seja o primeiro a adicionar uma tag!

MARC

LEADER 00000nla$a2200000$$$4500
001 0120763
005 20240502072351.5
041 0 |a slo 
044 |a SK 
245 1 0 |a Podnikateľ - inovátor v kontexte sociálnej náuky Cirkvi  |c Monika Bačová 
520 |a Podnikateľ ako inovátor v ekonomickej teórii. Podnikateľ a jeho zodpovednosť. Podnikateľ ako inovátor v dokumentoch sociálnej náuky cirkvi. Sociálna náuka cirkvi. 
610 2 0 |a podnikatelia 
610 2 0 |a zodpovednosť 
610 2 0 |a podnikanie zodpovedné 
610 2 0 |a trh 
610 2 0 |a náboženstvo 
610 2 0 |a cirkev 
100 1 |a Bačová, Monika